There are no children here : (Record no. 221)

MARC details
000 -LEADER
fixed length control field 01365pam a2200325 a 4500
005 - DATE AND TIME OF LATEST TRANSACTION
control field 20260322212011.0
008 - FIXED-LENGTH DATA ELEMENTS--GENERAL INFORMATION
fixed length control field data
010 ## - LIBRARY OF CONGRESS CONTROL NUMBER
LC control number 90045225
020 ## - INTERNATIONAL STANDARD BOOK NUMBER
International Standard Book Number 0385265263 :
Terms of availability {dollar}21.95 ({dollar}26.95 Can.)
020 ## - INTERNATIONAL STANDARD BOOK NUMBER
International Standard Book Number 9780385265263 :
Terms of availability {dollar}21.95 ({dollar}26.95 Can.)
040 ## - CATALOGING SOURCE
Original cataloging agency DLC
Transcribing agency DLC
Modifying agency DLC
-- DLC
043 ## - GEOGRAPHIC AREA CODE
Geographic area code n-us-il
050 00 - LIBRARY OF CONGRESS CALL NUMBER
Classification number HQ792.U5
Item number K68 1991
082 00 - DEWEY DECIMAL CLASSIFICATION NUMBER
Classification number 305.23/09773/11
Edition information 20
099 ## - LOCAL FREE-TEXT CALL NUMBER (OCLC)
Classification number KOTLOA
001 - CONTROL NUMBER
control field data
100 1# - MAIN ENTRY--PERSONAL NAME
Personal name Kotlowitz, Alex.
245 10 - TITLE STATEMENT
Title There are no children here :
Remainder of title the story of two boys growing up in the other America /
Statement of responsibility, etc. Alex Kotlowitz.
250 ## - EDITION STATEMENT
Edition statement 1st ed.
260 ## - PUBLICATION, DISTRIBUTION, ETC.
Place of publication, distribution, etc. New York :
Name of publisher, distributor, etc. Doubleday,
Date of publication, distribution, etc. c1991.
300 ## - PHYSICAL DESCRIPTION
Extent xi, 324 p. ;
Dimensions 25 cm.
504 ## - BIBLIOGRAPHY, ETC. NOTE
Bibliography, etc. note Includes bibliographical references (p. 315-316) and index.
650 #0 - SUBJECT ADDED ENTRY--TOPICAL TERM
Topical term or geographic name entry element Children
General subdivision Social conditions
Form subdivision Case studies.
Geographic subdivision Chicago
-- Chicago
650 #0 - SUBJECT ADDED ENTRY--TOPICAL TERM
Topical term or geographic name entry element Families
Form subdivision Case studies.
Geographic subdivision Chicago
-- Chicago
650 #0 - SUBJECT ADDED ENTRY--TOPICAL TERM
Topical term or geographic name entry element Inner cities
Form subdivision Case studies.
Geographic subdivision Chicago
-- Chicago
856 42 - ELECTRONIC LOCATION AND ACCESS
Materials specified Publisher description
Uniform Resource Identifier <a href="http://www.loc.gov/catdir/description/random0413/90045225.html">http://www.loc.gov/catdir/description/random0413/90045225.html</a>
906 ## - LOCAL DATA ELEMENT F, LDF (RLIN)
a 7
b cbc
c orignew
d 1
e ocip
f 19
g y-gencatlg
991 ## -
-- c-GenColl
-- HQ792.U5
-- K68 1991
-- 00008481490
-- Copy 1
-- BOOKS
Holdings
Withdrawn status Lost status Damaged status Not for loan Home library Current library Shelving location Date acquired Total checkouts Full call number Barcode Date last seen Price effective from Koha item type
        Springfield Springfield General stacks 22/03/2026   305.23/09773/11 20 BC0010229 22/03/2026 22/03/2026 Books